(Record no. 188741)

MARC details
000 -LEADER
fixed length control field 00552nam a2200145Ia 4500
041 ## - LANGUAGE CODE
Language code of text/sound track or separate title Arabic
082 ## - DEWEY DECIMAL CLASSIFICATION NUMBER
Classification number 332,7 cut-962 ف
100 ## - MAIN ENTRY--PERSONAL NAME
Personal name 20260118u\\\\\\\\\\\y0engy0103\\\\ba
Personal name ا.د.حسين توفيق فيض الله
245 #0 - TITLE STATEMENT
Title الشامل في الافلاس الكتاب الثالث اعادة تاهيل المصارف وافلاسها والافلاس الدولي دراسة مقارنة
250 ## - EDITION STATEMENT
Edition statement ط1
260 ## - PUBLICATION, DISTRIBUTION, ETC. (IMPRINT)
Name of publisher, distributor, etc منشورات زين الحقوقية
Place of publication, distribution, etc بيروت - لبنان
Date of publication, distribution, etc 2022
300 ## - PHYSICAL DESCRIPTION
Extent 712
942 ## - ADDED ENTRY ELEMENTS (KOHA)
Koha item type Books
Holdings
Withdrawn status Lost status Damaged status Not for loan Collection code Home library Current library Shelving location Date acquired Total Checkouts Full call number Barcode Date last seen Copy number Price effective from Koha item type
          Koya University Central Library Koya University Central Library Books 18/01/2026   332,7 cut-962 ف 0000092379 18/01/2026 1 18/01/2026 Books